Statistics for 45 Questions for 45 Days of Liz Truss

Click here to take the quiz!

General Stats

  • This quiz has been taken 120 times
  • The average score is 30 of 45

Answer Stats

HintAnswer% Correct
03She described her parents as being to the left of which political party?Labour
89%
26She was appointed International Trade Secretary by which Prime Minister?Boris Johnson
84%
33She became the final Prime Minister of 15 during the reign of which monarch?Queen Elizabeth II
84%
11Upon graduating in 1996 she joined which political party?Conservative
83%
04In which country of the UK did she live from 1979 to 1985?Scotland
83%
01She was born in 1975 in which city, home to the top university she later studied at?Oxford
82%
39Which US President also criticized the spending plans?Joe Biden
81%
45Which green vegetable outlasted Truss in a popular live feed broadcast online?a lettuce
80%
44The day before resigning she told the commons "I am a fighter, not a ______"quitter
80%
13She became deputy director for The Reform Research Trust, a liberal ____tankthink
80%
09While there she supported the legalization of which drug?cannabis
79%
32She said "the jury's out" on whether which French president is a friend or foe?Emmanuel Macron
79%
37Markets reacted negatively causing a sharp drop in the value of which currency?pound sterling
79%
15She was added to the "A-List" of candidates for MP by which Prime Minister?David Cameron
77%
38The spending plans were criticized by the IMF; the International Monetary ____?Fund
77%
31She made the final two in the 2022 Conservative leadership election along with who?Rishi Sunak
77%
30She publicly supported British volunteers (illegally) joining the war in which country?Ukraine
77%
43Truss faced rebellion after lifting the ban on which method of extracting shale gas?fracking
76%
07At university she studied PPE which stands for Politics, Philosophy and ________?Economics
75%
19She was responsible for childcare and early learning at the Department for what?Education
74%
24She was appointed Justice Secretary by which Prime Minister?Theresa May
73%
17She faced a motion to terminate her candidature due to her _____ with another MPaffair
72%
08She was president of the university society of which political party?Liberal Democrats
72%
10And she supported the abolishment of which British institution?the Monarchy
71%
23She was on the side of ______ in the Brexit referendum, later saying "I was wrong"Remain
70%
41Truss incorrectly told radio stations which household bills would be capped at £2,500?energy bills
67%
12She worked in business including at which British-Dutch oil giant?Shell
65%
42Who became her second chancellor after 38 days, reversing almost all of her cuts?Jeremy Hunt
63%
05Which country and former British dominion did she spend a year in at age 12?Canada
61%
16In 2010 she became the MP for South West N_____ in East AngliaNorfolk
61%
22Of which food did she say "We import two thirds of our _____. That is a disgrace!"?cheese
60%
27She apologized for illegal shipments to which country for use in the war in Yemen?Saudi Arabia
60%
34Which close ally became her first chancellor?Kwasi Kwarteng
59%
40Which institution intervened to stabilize the situation, buying government bonds?The Bank of England
59%
20Her childcare reforms were blocked by which Lib Dem deputy Prime Minister?Nick Clegg
57%
28She negotiated the first major post-Brexit trade deal with which G7 country?Japan
56%
06Which Northern UK city did her family then move to a suburb of?Leeds
55%
21In 2014 she spoke of her belief in climate change as Secretary of State for the what?Environment
51%
25In 2017 she became chief secretary to what economic/finance ministry?the Treasury
48%
35Their unfunded tax cutting mini-budget sought to abolish what top rate of tax? (%)45%
46%
02Elizabeth is actually her middle name but what is her Christian name?Mary
46%
36They tore up convention by sidelining the OBR; the Office for Budget __________?Responsibility
43%
18She co-authored Brittania _______ which called British people "idlers" (Django?)Unchained
42%
29She was mocked internationally for talking about "Baltic allies across the _____ Sea"Black
33%
14In the meantime she was a councillor for Eltham South in which London Borough?Greenwich
21%

Score Distribution

Percentile by Number Answered

Percent of People with Each Score

Your Score History

You have not taken this quiz